W którym klubie ci polacy rozegrali najwięcej meczów - Statystyki

Ogólne statystyki
  • Ten quiz został rozwiązany 50 razy
  • Średni wynik to 5 z 12
Statystyki odpowiedzi
Hint Odpowiedź % Poprawnych
Piotr Zieliński SSC Napoli
96%
Maciej Szczęsny Legia Warszawa
94%
Artur Boruc Celtic
74%
Łukasz Skorupski FC Bologna
53%
Łukasz Fabiański West Ham United
47%
Michał Pazdan Górnik Zabrze
32%
Kamil Grosicki Hull City
26%
Michał Żewłakow Polonia Warszawa
11%
Jacek Krzynówek 1. FC Nürnberg
9%
Grzegorz Krychowiak Stade Reims
9%
Tomasz Kuszczak Birmingham City
4%
Andrzej Juskowiak Erzgebirge Aue
4%
Nie znaleziono quizów pasujących do podanych kryteriów
Rozkład punktacji
Procent ludzi z każdym wynikiem
Percentyl według liczby udzielonych odpowiedzi
Twoja historia wyników
Nie rozwiązałeś tego quizu